00345nam a2200145Ia 4500008004100000020001500041041001200056082001600068100001100084245004900095260002500144300000800169650000800177700001400185221030s9999 xx 000 0 und d a0074635778 aEnglish a105.23bDas aA. Das 0aMicrowave Engineering.cby A. Das, S. K. Das bTMHaNew Delhic2004 a516 aECE aS. K. Das